| 000 | 00907nam a22002297a 4500 | ||
|---|---|---|---|
| 005 | 20250627112208.0 | ||
| 008 | 250627b |||||||| |||| 00| 0 eng d | ||
| 020 | _a81-87654-96-1(hbk) | ||
| 037 | _cTB | ||
| 040 |
_aAL _cAL |
||
| 041 |
_2pun _apun |
||
| 084 |
_aO153,1NJA:g R1 _qAL |
||
| 245 | _aਦੀਪਕ ਜੈਤਈ: ਸਿਰਜਣਾ ਤੇ ਸਾਮਵਾਦ | ||
| 260 |
_aਦਿੱਲੀ, ਭਾਰਤ: _bਮਨਪ੍ਰੀਤ ਪ੍ਰਕਾਸ਼ਨ, _c2021. |
||
| 300 | _a276ਪ. | ||
| 365 |
_b 690.00 _cINR |
||
| 650 | _aਪੰਜਾਬੀ ਸਾਹਿਤ | ||
| 650 | _aਪੰਜਾਬੀ ਕਾਵਿ | ||
| 700 |
_aਨਰੇਸ਼ ਕੁਮਾਰ _eਅਨੁਵਾਦਕ _9814783 |
||
| 942 |
_2CC _cTB _hO153,1NJA:g R1 _n0 |
||
| 999 |
_c1433048 _d1433048 |
||